[Event "Titled Tuesday intern op 6th June"]
[Site "Chess.com INT"]
[Date "2020.06.02"]
[Round "8"]
[White "Potapova, Margarita"]
[Black "Vallejo Diaz, Javier"]
[Result "0-1"]
[WhiteElo "2270"]
[BlackElo "2365"]
[PlyCount "40"]
[EventDate "2020.06.02"]
[EventType "swiss (blitz)"]
[EventRounds "10"]
[EventCountry "USA"]
[SourceTitle "CBM 196 Extra"]
[Source "ChessBase"]
[SourceDate "2020.07.31"]
[SourceVersion "1"]
[SourceVersionDate "2020.07.31"]
[SourceQuality "1"]

1. d4 d5 2. c4 dxc4 3. e4 Nf6 4. e5 Nd5 5. Bxc4 Nb6 6. Bb3 Nc6 7. Nf3 Bg4 8. Bxf7+ Kxf7 9. Ng5+ Ke8 10. Qxg4 Qxd4 11. Ne4 Qxe5 12. 0-0 e6 13. Nbc3 Qf5 14. Qg3 Rc8 15. Bg5 h6 16. Be3 Kf7 17. Rad1 Be7 18. b3 Nd5 19. Rd3 Nxc3 20. Bxh6 Ne2+ 0-1

[Event "Titled Tuesday intern op 6th June"]
[Site "Chess.com INT"]
[Date "2020.06.02"]
[Round "4"]
[White "Topalov, Aleksandar"]
[Black "Vallejo Diaz, Javier"]
[Result "1/2-1/2"]
[WhiteElo "2228"]
[BlackElo "2365"]
[PlyCount "96"]
[EventDate "2020.06.02"]
[EventType "swiss (blitz)"]
[EventRounds "10"]
[EventCountry "USA"]
[SourceTitle "CBM 196 Extra"]
[Source "ChessBase"]
[SourceDate "2020.07.31"]
[SourceVersion "1"]
[SourceVersionDate "2020.07.31"]
[SourceQuality "1"]

1. b3 Nf6 2. Bb2 d5 3. Nf3 c5 4. e3 Nc6 5. Bb5 g6 6. c4 dxc4 7. Bxc4 Bg7 8. 0-0 0-0 9. a3 b6 10. Qc2 Bb7 11. Be2 Rc8 12. d3 Qc7 13. Nbd2 e5 14. Rac1 Qb8 15. Qb1 Nd5 16. Rc2 h6 17. Rfc1 Qd6 18. Nc4 Qe6 19. Qa1 Rce8 20. Bf1 Kh7 21. d4 cxd4 22. exd4 e4 23. Nfe5 Nxe5 24. dxe5 Re7 25. Nd6 e3 26. fxe3 Nxe3 27. Rc7 Nxf1 28. Rxe7 Qxe7 29. Rxf1 Bd5 30. Qd1 Qe6 31. b4 Kg8 32. Nb5 Bc4 33. Nd4 Qxe5 34. Re1 Qd5 35. Qa1 Rd8 36. Nf3 Bxb2 37. Qxb2 Qd6 38. h4 Bd5 39. Rd1 Qc7 40. Qf6 Rd6 41. Qe5 Qd7 42. h5 Qe6 43. hxg6 Qxe5 44. Nxe5 fxg6 45. Nxg6 Rxg6 46. Rxd5 Rg3 47. Rd8+ Kh7 48. Rd7+ Rg7 1/2-1/2